Most Populated U.S. Cities by Year - 1870 - Statistics

General Stats
  • This quiz has been taken 94 times
  • The average score is 20 of 20
Answer Stats
Population Entity Answer % Correct
267,400 Maryland Baltimore
100%
250,500 Massachusetts Boston
100%
299,000 Illinois Chicago
100%
191,400 Louisiana New Orleans
100%
942,300 New York New York City
100%
674,000 Pennsylvania Philadelphia
100%
149,500 California San Francisco
100%
117,700 New York Buffalo
98%
216,200 Ohio Cincinnati
98%
92,800 Ohio Cleveland
98%
79,600 Michigan Detroit
98%
100,800 Kentucky Louisville
98%
310,900 Missouri St. Louis
98%
109,200 District of Columbia Washington
98%
69,400 New York Albany
97%
82,500 New Jersey Jersey City
97%
71,400 Wisconsin Milwaukee
97%
86,100 Pennsylvania Pittsburgh
97%
396,100 New York Brooklyn
94%
105,100 New Jersey Newark
94%
No matching quizzes found
Score Distribution
Percent of People with Each Score
Percentile by Number Answered
Your Score History
You have not taken this quiz